000 01199nam a2200205 4500
003 CO-ViMGA
020 _a9786071108784
040 _aCO-ViMGA
_bspa
_cCO-ViMGA
082 0 4 _a813.5
_bM31sa
100 1 _aMead, Richelle
_d1976-
_912244
245 1 0 _aVampire academy :
_bsangre azul /
_cRichelle Mead ; traducción de Julio Hermoso
260 _aMexico :
_bAlfaguara,
_c2010
300 _a368 p. :
_b21 cm.
520 _aRose tiene un serio problema con los chicos. Su guapísimo tutor Dimitri se está fijando en otra, su amigo Mason está colado por ella y el vínculo telepático que tiene con su mejor amiga... la vuelve loca cuando ésta se enrolla con su novio. Entonces un gran ataque de los vampiros más violentos, los strigoi, pone a la Academia en alerta y deciden poner a salvo a los alumnos en la elegante estación deesquí de Idaho. Pero la impresión de seguridad es falsa. Esta vez, Rose - y su corazón - correrá un peligro mayor de lo que imaginaba...Tomado de la contracubierta del libro
650 1 4 _aLiteratura estadounidense
_92340
650 1 4 _aNovelas estadounidenses
_912245
650 1 4 _aVampiros
_xNovelas
_912246
700 1 _aHermoso, Julio
_etr.
_913602
942 _2ddc
_cBK
999 _c37089
_d37089